LEADER 01095nam a2200241 i 4500 001 000000195320 003 CaOOAMICUS 005 20101209000000.0 008 101209s1986 it u000 u ita u 013 $a173992 040 $aSeMil$bita 100 1 $aNaro, Cataldo .$0(OLS)http://semarc/name/866 245 13$aIl senso di appartenenza ecclesiale nella diocesi di Caltanissetta negli ultimi cento anni /$cCataldo Naro. 260 $aSan Cataldo (Caltanissetta) :$bCentro Studi Cammarata,$c1986. 300 $a74 p. ;$c22 cm. 490 0 $aInterventi ;$v4 650 4$aCaltanissetta.$0(OLS)http://semarc/subject/8734 830 0$aInterventi ;$v4.$0(OLS)http://semarc/title/8197 850 $aSeMil 852 $aSeMil$W1$xVenegono$y1$m5A XII 8/32$j145889$B145889$CSeMilBibl$Z2$F157405 $81 961 $aOmaggio: Altro 996 $6245$aIl senso di appartenenza ecclesiale nella diocesi di Caltanissetta negli ultimi cento anni$9(OLS)http://semarc/title/281768 996 $6260$aSan Cataldo (Caltanissetta) :$bCentro Studi Cammarata$9(OLS)http://semarc/publisher/36093 LEADER 00607naa a2200145 i 4500 001 000000319748 003 CaOOAMICUS 005 20180831173313.0 008 180831n it u000 u ita u 013 $a29545 040 $aSeMil$bita 245 14$aGli Umiliati nel Veneto nei primi decenni del Duecento :$bnote di confronto. 650 4$aUmiliati.$0(OLS)http://semarc/subject/2618 773 0 $tMonastero alle porte della cittą.$dMilano : Vita e Pensiero, 1999.$z88-343-0196-X$gp.181-196$w()110070 996 $6245$aGli Umiliati nel Veneto nei primi decenni del Duecento :$bnote di confronto$9(OLS)http://semarc/title/393482